| 000 | 00951nam a2200277 a 4500 | ||
|---|---|---|---|
| 001 | 000018952 | ||
| 003 | DO-SdBPM | ||
| 005 | 20250911130130.0 | ||
| 007 | ta | ||
| 008 | 100521s1986 dr 000 0 spa d | ||
| 040 |
_aDO-SdBPM _bspa _cBPMSU _drda |
||
| 082 |
_a923.57293 _bG633c 1986 _222 |
||
| 245 | 0 | 0 |
_aCartas de Máximo Gómez / _cpresentación Candido Gerón. |
| 264 |
_aSanto Domingo : _bBiblioteca Nacional, _c1986. |
||
| 300 |
_a77 páginas ; _c22 cm. |
||
| 336 |
_atexto _btxt _2rdacontent |
||
| 337 |
_asin mediación _bn _2rdamedia |
||
| 338 |
_avolumen _bnc _2rdacarrier |
||
| 504 | _aIncluye referencias bibliográficas y notas al pie de las páginas | ||
| 590 | _aInventariado, 2025/VM | ||
| 600 | 1 | 4 |
_aGómez, Máximo, _d1836-1905 _x Correspondencias, memorias, etc. _v |
| 700 | 1 |
_aGerón, Candido, _d1948- |
|
| 710 | 2 |
_bBiblioteca Nacional _aRepública Dominicana. |
|
| 910 | _aVMateo V. Control de calidad BPMSU | ||
| 942 |
_2ddc _cBK |
||
| 999 |
_c15383 _d15383 |
||